UM Logo

The criminalization of lying: (Record no. 16542)

MARC details
000 -LEADER
fixed length control field 00634nam a2200169 4500
008 - FIXED-LENGTH DATA ELEMENTS--GENERAL INFORMATION
fixed length control field 220223b ||||| |||| 00| 0 eng d
022 ## - INTERNATIONAL STANDARD SERIAL NUMBER
International Standard Serial Number 0091-4169
082 ## - DEWEY DECIMAL CLASSIFICATION NUMBER
Classification number DPer 364.05 J82 2011 v101 n.2
100 ## - MAIN ENTRY--PERSONAL NAME
Personal name Druzin, Bryan H.
9 (RLIN) 44055
245 ## - TITLE STATEMENT
Title The criminalization of lying:
Remainder of title under what circumstances, if any, should lies be made criminal?/
Statement of responsibility, etc. Bryan H. Druzin and Jessica Li.
260 ## - PUBLICATION, DISTRIBUTION, ETC. (IMPRINT)
Place of publication, distribution, etc. Evanston:
Name of publisher, distributor, etc. Northwestern University Press,
Date of publication, distribution, etc. c2011.
300 ## - PHYSICAL DESCRIPTION
Extent v101 n2, pages 529-574;
Dimensions 25 cm.
500 ## - GENERAL NOTE
General note The Journal of Criminal Law and Criminology.
650 ## - SUBJECT ADDED ENTRY--TOPICAL TERM
Topical term or geographic name as entry element Crime.
9 (RLIN) 44056
700 ## - ADDED ENTRY--PERSONAL NAME
Personal name Li, J.
Relator term Author.
9 (RLIN) 44057
942 ## - ADDED ENTRY ELEMENTS (KOHA)
Source of classification or shelving scheme Dewey Decimal Classification
Koha item type Periodicals
Holdings
Withdrawn status Lost status Source of classification or shelving scheme Damaged status Not for loan Collection code Home library Current library Date acquired Total Checkouts Full call number Date last seen Price effective from Koha item type Public note
    Dewey Decimal Classification     Periodicals UM Digos College - LIC UM Digos College - LIC 02/24/2022   DPer 364.05 J82 2011 v101 n.2 02/24/2022 02/24/2022 Periodicals Periodical article